000 00939cam a2200277 a 4500
999 _c1084
_d1084
001 1541441
003 GZU
005 20200923110618.0
008 910129s1991 gau b 001 0 eng
010 _a 91007954
020 _a0820313491 (alk. paper)
020 _a0820313440 (pbk. : alk. paper)
040 _aDLC
_cDLC
_dDLC
050 0 0 _aGF80
_bATT 1991
082 0 0 _a179/.1
_220
100 1 _aAttfield, Robin.
245 1 4 _aThe ethics of environmental concern /
_cRobin Attfield.
250 _a2nd ed.
260 _aAthens, Ga. :
_bUniversity of Georgia Press,
_cc1991.
300 _axxiii, 249 p. ;
_c24 cm.
504 _aIncludes bibliographical references (p. 215-233) and index.
650 0 _aEnvironmental ethics.
906 _a7
_bcbc
_corignew
_d1
_eocip
_f19
_gy-gencatlg
942 _2lcc
_cBK
_h80
_iATT
_kGF